书目信息 |
| 题名: |
中国技术改造问题研究
|
|
| 作者: | 李泊溪 , 翟立功 , 张泽厚 编 | |
| 分册: | 下册 | |
| 出版信息: | 太原 山西人民出版社 1984 |
|
| 页数: | 591-1198页 | |
| 开本: | 21cm | |
| 丛书名: | ||
| 单 册: | ||
| 中图分类: | F424.3 | |
| 科图分类: | ||
| 主题词: | 技术改造--研究--中国 | |
| 电子资源: | ||
| ISBN: | ||
| 000 | 00718nam0 2200253 45 | |
| 001 | 0184013454 | |
| 005 | 20060808172918.84 | |
| 010 | @dCNY6.40(全二册) | |
| 091 | @aCN@b4088.60 | |
| 100 | @a19950613d1984 emky0chiy0121 ea | |
| 101 | 0 | @achi |
| 102 | @aCN@b140000 | |
| 105 | @ay z 000yy | |
| 200 | 10 | @a中国技术改造问题研究@h下册@Azhong guo ji shu gai zao wen ti yan jiu@f李泊溪等编 |
| 210 | @a太原@c山西人民出版社@d1984 | |
| 215 | @a591-1198页@d21cm | |
| 606 | @a技术改造@x研究@y中国 | |
| 690 | @aF424.3@v3 | |
| 701 | 0 | @a李泊溪@Ali bo xi@4编 |
| 701 | 0 | @a翟立功@Azhai li gong@4编 |
| 701 | 0 | @a张泽厚@Azhang ze hou@4编 |
| 801 | 2 | @aCN@bNLC@c20060808 |
| 801 | 0 | @aCN@bTSSF |
| 905 | @a10447@dF424.3@e60:2 | |
| 中国技术改造问题研究.下册/李泊溪等编.-太原:山西人民出版社,1984 |
| 591-1198页;21cm |
| ISBN :CNY6.40(全二册) |
| ● |
| 相关链接 |
|
|
|
|
正题名:中国技术改造问题研究
索取号:F424.3/60:2
 
预约/预借
| 序号 | 登录号 | 条形码 | 馆藏地/架位号 | 状态 | 备注 |
| 1 | 0447531 | 204475317 | 密集书库/ [索取号:F424.3/60:2] | 在馆 | |
| 2 | 0447532 | 204475326 | 密集书库/ [索取号:F424.3/60:2] | 在馆 |